Morir dos veces /

Guardat en:
Dades bibliogràfiques
Autor principal: Aguilar Quirós, Alfredo
Format: Desconegut
Idioma:Spanish
Publicat: San José, Costa Rica: EDUCA, 1989
Edició:1. edición
Matèries:
Etiquetes: Afegir etiqueta
Sense etiquetes, Sigues el primer a etiquetar aquest registre!

MARC

LEADER 000000000a22000000004500
001 000573
008 140729s1989 cr | |||| 000 1 spa d
020 |a 9977301360 
041 0 |a español 
082 |a CR863.4  |b A2837m 
100 1 |a Aguilar Quirós, Alfredo 
245 1 0 |a Morir dos veces /  |c Alfredo Aguilar 
250 |a 1. edición 
260 |a San José, Costa Rica:   |b EDUCA,   |c 1989 
300 |a 44 páginas 
500 |a La Biblioteca contiene otro ejemplar con número de inscripción: 13729, 00426 -- Premio Centroamericano Rogelio Sinam ( Narrativa ) 1987 
650 4 |a LITERATURA COSTARRICENSE  |v CUENTOS 
942 |2 ddc  |c BK 
999 |c 1364  |d 1364